| 000 | 00000nam##2200000za#4500 |
| 001 | 9.599625 |
| 003 | CaOODSP |
| 005 | 20240501092931 |
| 007 | cr ||||||||||| |
| 008 | 150406|2001||||xxc|||||o f|0| 0 fre|d |
| 040 | |aCaOODSP|bfre |
| 043 | |an-cn--- |
| 086 | 1 |aPS83-3/110F-PDF |
| 110 | 2 |aService correctionnel Canada. |
| 245 | 10|aLes possibilités d'une remise en liberté des détenus Autochtones sous responsabilité fédérale : |h[ressource électronique]|bun projet de recherche communautaire (Projet pilote réalisé dans cinq communautés de la région des Prairies) / |c[par] Mac Saulis, Sid Fiddler et Yvonne Howse. |
| 260 | |bService correctionnel Canada |cSeptembre 2001. |
| 300 | |a40p. |
| 490 | 1 |aRapport de recherche|v[R-110] |
| 590 | |a10-14-Supp|b2010-12-03 |
| 720 | 1 |aSaulis, Mac |
| 720 | 1 |aFiddler, Sid |
| 720 | 1 |aHowse, Yvonne |
| 775 | 08|tRelease potential of federally-sentenced Aboriginal inmates to communities : |w(CaOODSP)9.568335 |
| 830 | #0|aRapport de recherche (Service correctionnel Canada. Direction de la recherche)|v[R-110]|w(CaOODSP)9.502465 |
| 856 | 40|ahttp://publications.gc.ca|qPDF|s109 Ko|uhttps://publications.gc.ca/collections/collection_2010/scc-csc/PS83-3-110-fra.pdf|y[R-110] |